| 000 | 00729nam a22001577a 4500 | ||
|---|---|---|---|
| 005 | 20260127153933.0 | ||
| 008 | 230721b ||||| |||| 00| 0 eng d | ||
| 040 |
_cSSBUL _dSSBUL |
||
| 082 |
_223 _a၃၂၈.၅၉၁ ပြည် ၁၆၀၉၈ (S-SAT) |
||
| 245 | _aပြည်သူ့လွှတ်တော်ကိုယ်စားလှယ်များ၏ ဆွေးနွေးတင်ပြချက်များ... / | ||
| 260 | _c၁၉၈၅။ | ||
| 300 |
_a၁၄၇ စာမျက်နှာ၊ _c၂၄ စင်တီ။ |
||
| 500 | _aS-SAT: Dr. Prof Sai Aung Tun | ||
| 650 |
_aမြန်မာနိုင်ငံပြည်သူ့လွှတ်တော်။ _927829 |
||
| 942 |
_2ddc _cBK1 |
||
| 999 |
_c27364 _d27364 |
||